Kadra Węgier Na Euro 2020 - Statystyki

Ogólne statystyki
  • Ten quiz został rozwiązany 26 razy
  • Średni wynik to 9 z 26
Statystyki odpowiedzi
Hint Odpowiedź % Poprawnych
Obrońca Szalai
92%
Napastnik Szalai
92%
Bramkarz Gulacsi
88%
Napastnik Sallai
75%
Obrońca Fiola
71%
Obrońca Orban
63%
Pomocnik Nagy
54%
Pomocnik Kleinheisler
46%
Obrońca Lovrencsics
38%
Napastnik Nikolić
33%
Bramkarz Dibusz
29%
Obrońca Lang
29%
Obrońca Nego
29%
Pomocnik Schafer
25%
Obrońca Botka
21%
Bramkarz Bogdan
17%
Pomocnik Gazdag
17%
Pomocnik Varga
17%
Pomocnik Varga
17%
Napastnik Hahn
13%
Napastnik Holender
13%
Obrońca Kecskes
13%
Napastnik Schon
13%
Pomocnik Siger
13%
Obrońca Bolla
8%
Pomocnik Cseri
4%
Nie znaleziono quizów pasujących do podanych kryteriów
Rozkład punktacji
Procent ludzi z każdym wynikiem
Percentyl według liczby udzielonych odpowiedzi
Twoja historia wyników
Nie rozwiązałeś tego quizu